La Eneida
Gorde:
| Egile Nagusiak: | , |
|---|---|
| Formatua: | Liburua |
| Hizkuntza: | gaztelania |
| Argitaratua: |
Madrid
Mediterraneo
1981
|
| Edizioa: | 7a. ed |
| Saila: | Colección de bolsillo Edime, 8
|
| Gaiak: | |
| Etiketak: |
Etiketa erantsi
Etiketarik gabe, Izan zaitez lehena erregistro honi etiketa jartzen!
|
MARC
| LEADER | 00000nam a2200000 a 4500 | ||
|---|---|---|---|
| 001 | UCP4412 | ||
| 003 | CL-VaPUC | ||
| 008 | 990730e19810000SP |||||||||||||||||spa|d | ||
| 082 | 0 | 4 | |a 873 |b VIR |2 21 |
| 100 | 0 | |a Virgilio |e author |9 266332 | |
| 700 | 0 | |a Virgilio Marón, Publio |e author |9 266333 | |
| 245 | 1 | 3 | |a La Eneida |
| 250 | |a 7a. ed | ||
| 300 | |a 169 p | ||
| 942 | |c BK | ||
| 945 | |d 19990730 00:00:00 |a lriquelm | ||
| 260 | |a Madrid |b Mediterraneo |c 1981 | ||
| 600 | 0 | 7 | |a VIRGILIO MARON, PUBLIO |2 CL-VaPUC |9 266333 |
| 650 | 0 | |a Poesías épicas latinas |9 265355 | |
| 650 | 0 | |a Literatura latina |9 258055 | |
| 583 | |a last modification |c 20121218 08:06:38 |k Rodrigo Vera | ||
| 490 | 0 | |a Colección de bolsillo Edime, 8 | |
| 999 | |c 282395 |d 282393 | ||
| 952 | |0 0 |1 0 |4 0 |6 873_000000000000000_VIR_1981 |7 0 |8 R |9 324075 |a BIBHIS |b BIBHIS |d 2019-11-20 |i 2822202 |o 873 VIR 1981 |p 2822202 |r 2024-01-30 |w 2019-11-20 |y BK_R |k HIS | ||
| 952 | |0 0 |1 0 |4 0 |6 873_000000000000000_VIR_1981 |7 0 |8 R |9 324076 |a BIBHIS |b BIBHIS |d 2019-11-20 |i 2822210 |o 873 VIR 1981 |p 2822210 |r 2024-01-30 |w 2019-11-20 |y BK_R |k HIS | ||
| 952 | |0 0 |1 0 |4 0 |6 873_000000000000000_VIR_1981 |7 0 |8 R |9 324077 |a BIBHIS |b BIBHIS |d 2019-11-20 |i 2822229 |o 873 VIR 1981 |p 2822229 |r 2024-01-30 |w 2019-11-20 |y BK_R |k HIS | ||